Mozaika

Titel: Mozaika : śladami Rechowiczów / Max Cegielski
Verfasser:
Veröffentlicht: Warszawa : Wydawn. W.A.B., 2011
Umfang: 414 S.
Format: Buch
Sprache: Polnisch
ISBN: 9788377475386
Kein Bild verfügbar
X
Lokale Klassifikation: 2 R 1346
alg: 28941035
001A    $03004:08-02-12 
001B    $01999:02-09-22 $t18:14:08.000 
001C    $03004:21-06-12 $t16:56:46.000 
001D    $03004:21-06-12 
001U    $0utf8 
001X    $00 
002@    $0Aau 
003@    $0289410355 
004D    $0978-83-7747-538-6 
007A    $0289410355 $aHEB 
007G    $0DE0202A05572C3B9E7AC6C1257A5D0029CA94 
007T    $0Herdhh289410355 
009P    $qapplication/pdf $A2 $3Inhaltsverzeichnis $uhttp://scans.hebis.de/HEBCGI/show.pl?28941035_toc.pdf $mV:DE-603;B:DE-Mb50 
010@    $apol 
011@    $a2011 
021A    $aMozaika $dśladami Rechowiczów $hMax Cegielski 
028A    $#Cegielski, Maksymilian $#Cegielski, Maksymilian Stefan $D20220215 $Ecgwrk $71037331184 $8Cegielski, Max$Z1975- [Tp3] $932603367X 
033A    $pWarszawa $nWydawn. W.A.B. 
034D    $a414 S. 

lok: 28941035 24
101B    $013-08-12 $t16:37:23.000 
101C    $013-08-12 
101U    $0utf8 
145Z/01 $a2 R 1346 

exp: 28941035 24 1 #EPN
201B/01 $013-08-12 $t16:37:23.000 
201C/01 $008-02-12 
201U/01 $0utf8 
203@/01 $0638096170 
208@/01 $a21-06-12 $bz 
209A/01 $a12.03320 $du $f050 $h12 03320 $x00 
209C/01 $a12.03320 K $h12 03320 K 
209G/01 $a73009820 $x00 
220C/01 $anie 
244Z/01 $#Rachowicz, Gabriel $#Gaber $71025075412 $8--Tp1--Rechowicz, Gabriel$Z1920-2010 $x01 $9306811049 
247C/01 $8358050-7 Marburg, Bibliothek des Herder-Instituts Marburg $9102600961 

lok: 28941035 78

exp: 28941035 78 1 #EPN
201B/01 $019-04-17 $t22:04:01.000 
201U/01 $0utf8 
203@/01 $0793878268 
208@/01 $a12-11-16 $be 
209A/01 $a/ $f000 $x00 
244Z/01 $2Trx $8--Trx--Monographie $x01 $9391384546 
247C/01 $82080>Marburg/Lahn, Herder-Institut, Forschungsbibliothek, Bibliographieportal $9336309341
LEADER 00000cam a2200000 c 4500
001 289410355
003 DE-603
005 20220902181408.0
007 tu
008 120208s2011 xx |||| | u00||u|pol c
020 |z 9788377475386 
035 |a (DE-599)HEB289410355 
040 |a DE-603  |b ger  |c DE-603  |d DE-603 
041 |a pol 
100 1 |a Cegielski, Max  |d 1975-  |0 (DE-603)32603367X  |0 (DE-588)1037331184  |2 gnd 
245 0 0 |a Mozaika  |b śladami Rechowiczów  |c Max Cegielski 
264 1 |a Warszawa  |b Wydawn. W.A.B.  |c 2011 
300 |a 414 S. 
856 4 2 |m V:DE-603;B:DE-Mb50  |q application/pdf  |u http://scans.hebis.de/HEBCGI/show.pl?28941035_toc.pdf  |3 Inhaltsverzeichnis 
924 0 |9 Mb 50  |a (DE-603)638096170  |b DE-Mb50  |c HES  |d c  |g 12.03320 
924 0 |9 2080  |a (DE-603)793878268  |b DE-2080  |c HES  |d d  |g /